| 000 | 00870nam a22002177a 4500 | ||
|---|---|---|---|
| 003 | SEM | ||
| 999 |
_c67007 _d67007 |
||
| 005 | 20220608073814.0 | ||
| 008 | 170815b xxu||||| |||| 00| 0 germ d | ||
| 020 | _a5545000909 | ||
| 040 |
_aSEM _cSEM |
||
| 041 | 0 | _agerm. | |
| 080 | _a803.0-5(075.8)/A-95 | ||
| 100 | 1 |
_aAwetisjan S. J.; Hasratjan Sh. I _q(Ավետիսյան Ս., Հասրաթյան Ժ.) |
|
| 245 | 1 | 0 |
_aGrammatik der deutschen sprache. _bSyntax. / _cS. Awetisjan, Sh. Hasratjan; Hrsgb.: I. Arakelyan |
| 246 | 1 | 1 |
_aԳերմաներեն լեզվի քերականություն: (Շարահյուսություն): _bՁեռնարկ մասնագիտական բուհերի համար:/ |
| 246 | 1 | 1 | _aГрамматика немецкого языка. |
| 260 |
_aJerewan: _a[Yerevan]: _b«Lujs», _c1988. |
||
| 300 |
_a166 S.; _c21 cm. |
||
| 650 |
_aGerman _xSyntax |
||
| 942 |
_2udc _cBK |
||